Statistiken für 20 Fragen über Frankreich

Klicken Sie hier um das Quiz zu spielen!

Allgemein

  • Dieses Quiz wurde 3.728 mal gespielt
  • Das Durchschnittsergebnis liegt bei 10 aus 20

Antwortstatistiken

HinweisAntwort% Korrekt
Welcher französische Präsident wurde 2017 ins Amt gewählt?Emmanuel Macron
94%
Welches ist das größte Museum in Paris?Le Louvre
92%
Welchen gigantischen Palast ließ Ludwig XIV. nahe Paris erbauenVersailles
77%
Wie heißt der höchste französische Berg (4810m)?Mont Blanc
72%
Was heißt "Restaurant" auf Französisch?Restaurant
71%
Wie heißt die Hauptstadt des Elsass?Straßburg
67%
In welchem Jahr begann die Französische Revolution?1789
66%
Welches amerikanische Monument wurde vom Bildhauer Auguste Bartholdi
und dem Ingenieur Gustave Eiffel geschaffen?
Die Freiheitsstatue
66%
Welches Land hat die kürzeste Grenze mit Frankreich (4,4km)?Monaco
66%
Welches nichteuropäische Land hat die längste gemeinsame Grenze mit Frankreich (730 km)?Brasilien
65%
Welches ist der längste Fluss Frankreichs (1'012 km)?Loire
56%
Welcher französische Autohersteller liefert die Motoren für den Formel-1-Rennstall Red Bull ?Renault
56%
Welche humanitäre Gruppe wurde von französischen Ärzten 1971 gegründet?
(sie hat schon den Nobelpreis gewonnen)
Médecins Sans
Frontières
48%
Wer schrieb "Les Miserables"?Victor Hugo
34%
Was ist der Name des elektronischen Musik-Duos Guy-Manuel de Homem und Thomas Bangalter?Daft Punk
30%
Was ist der Name des Hochgeschwindigkeitszuges der Paris mit London verbindet?Eurostar
23%
Welcher französische Spieleentwickler schuf Splinter Cell und Assassin's Creed?Ubisoft
21%
Was sind "Moulin à vent", "Saint Estèphe" und "Côte de Beaune"?Weine
19%
Wer spielt den Hauptdarsteller in "The Artist"?Jean Dujardin
10%
Wer war der erste König Frankreichs (481-511)?Clovis
9%

Verteilung der Resultate

Perzentil nach korrekt beantworteten Fragen

Anzahl Personen mit jedem Resultat

Ihre Resultats-Entwicklung

Sie haben dieses Quiz noch nicht gespielt